[Event "LIV Festival A"]
[Site "Imperia ITA"]
[Date "2012.09.05"]
[Round "4"]
[White "Ahner, Thomas"]
[Black "Zach, Andreas"]
[WhiteElo "2162"]
[BlackElo "2352"]
[Result "0-1"]
[PlyCount "56"]
[EventDate "2012.09.02"]

1. e4 e6 2. d4 d5 3. Nc3 Be7 4. e5 c5 5. f4 Nh6 6. Nf3 Nc6 7. Ne2 f6 8. c3 O-O
9. g3 fxe5 10. Nxe5 Nf5 11. Bh3 Qb6 12. dxc5 Bxc5 13. Nd3 Bd6 14. Qb3 Qa6 15.
Bxf5 Rxf5 16. Nf2 Bd7 17. Be3 Na5 18. Qc2 Nc4 19. Bd4 e5 20. fxe5 Nxe5 21. O-O
Nf3+ 22. Kg2 Raf8 23. Nd3 Bb5 24. Rxf3 Rxf3 25. Ndf4 Bd3 26. Qb3 Be4 27. Kg1
Bxf4 28. Nxf4 R8xf4 0-1

[Event "LIV Festival A"]
[Site "Imperia ITA"]
[Date "2012.09.05"]
[Round "4"]
[White "Anuprita, Patil"]
[Black "Angelini, Marco"]
[WhiteElo "2128"]
[BlackElo "2223"]
[Result "0-1"]
[PlyCount "104"]
[EventDate "2012.09.02"]

1. e4 c5 2. Nf3 d6 3. d4 cxd4 4. Nxd4 Nf6 5. Nc3 a6 6. Be2 e6 7. O-O Nbd7 8. f4
b5 9. Bf3 Bb7 10. e5 Bxf3 11. Nxf3 dxe5 12. fxe5 Bc5+ 13. Kh1 Ng4 14. Qe2 h5
15. Ne4 Qc7 16. Bf4 Rc8 17. c3 Be7 18. Rad1 Qc4 19. Qc2 Rd8 20. h3 Nb6 21.
Rxd8+ Kxd8 22. Rd1+ Nd5 23. hxg4 hxg4+ 24. Nh2 Ke8 25. b3 Qc7 26. Qd2 f5 27.
Nd6+ Bxd6 28. exd6 Qc4 29. Bg3 Kd7 30. Qg5 Qxc3 31. Rc1 Qf6 32. Qxf6 gxf6 33.
Kg1 f4 34. Be1 f5 35. Bc3 Rc8 36. Bd2 Rxc1+ 37. Bxc1 Kxd6 38. Nf1 Ke5 39. Kf2
Kd4 40. Bb2+ Kd3 41. Be5 Kc2 42. g3 fxg3+ 43. Nxg3 Nb4 44. Ke3 Nxa2 45. Ne2
Kxb3 46. Nd4+ Kc4 47. Bf6 Kd5 48. Nc2 e5 49. Kd2 f4 50. Be7 g3 51. Ne1 e4 52.
Kc2 f3 0-1

[Event "LIV Festival A"]
[Site "Imperia ITA"]
[Date "2012.09.05"]
[Round "4"]
[White "Bellincampi, Stefano"]
[Black "De Luca, Fabio"]
[WhiteElo "2045"]
[BlackElo "1989"]
[Result "1/2-1/2"]
[PlyCount "55"]
[EventDate "2012.09.02"]

1. e4 c5 2. c3 Nf6 3. e5 Nd5 4. Nf3 e6 5. Bc4 Nb6 6. Be2 Nc6 7. O-O d5 8. exd6
Bxd6 9. d4 cxd4 10. Nxd4 Nxd4 11. Qxd4 Qc7 12. g3 Be5 13. Qe3 O-O 14. Nd2 Nd5
15. Qe4 g6 16. Nf3 Bg7 17. Qh4 Ne7 18. Rd1 e5 19. Bg5 Nf5 20. Qe4 Bd7 21. h4
Bc6 22. Qc4 h6 23. Bd2 Qb6 24. Kg2 e4 25. Nd4 Nxd4 26. Be3 Qb5 27. cxd4 Qxc4
28. Bxc4 1/2-1/2

[Event "LIV Festival A"]
[Site "Imperia ITA"]
[Date "2012.09.05"]
[Round "4"]
[White "Cugini, Verter"]
[Black "Gervasio, Francesco"]
[WhiteElo "2072"]
[BlackElo "1924"]
[Result "1-0"]
[PlyCount "143"]
[EventDate "2012.09.02"]

1. e4 c5 2. g3 Nc6 3. Bg2 g6 4. Ne2 Bg7 5. O-O Nf6 6. Nbc3 O-O 7. d3 d6 8. h3
Rb8 9. a4 a6 10. Be3 b5 11. axb5 axb5 12. d4 Nd7 13. Kh2 Qb6 14. Nd5 Qd8 15.
dxc5 dxc5 16. Qc1 e6 17. Ndc3 Nd4 18. f4 b4 19. Bxd4 cxd4 20. Nd1 e5 21. Nf2
Qb6 22. Nd3 Ba6 23. Qd2 b3 24. Rfb1 bxc2 25. Qxc2 Rfc8 26. Qd1 Bxd3 27. Qxd3
Nc5 28. Qd1 Nb3 29. Ra3 Qb4 30. fxe5 Bxe5 31. Nf4 Bxf4 32. gxf4 Nd2 33. Ra4 Qb3
34. Qxb3 Nxb3 35. e5 d3 36. Rd1 d2 37. Bd5 Rd8 38. Bc4 Rb7 39. Kg2 Nc5 40. Ra2
Rd4 41. Be2 Rb3 42. f5 gxf5 43. Kh2 Kf8 44. Rg1 Na4 45. Rb1 Ke7 46. Bd1 Rbb4
47. Rxa4 Rxa4 48. Bxa4 Rxa4 49. Rd1 Rd4 50. Kg2 Ke6 51. Kf2 Kxe5 52. Ke2 Rh4
53. Rh1 Rb4 54. Rb1 Rb3 55. Kxd2 Kd4 56. Kc2 Rxh3 57. Rd1+ Ke4 58. b4 Rh6 59.
Kc3 Rc6+ 60. Kb3 f4 61. b5 Rg6 62. Kc4 Ke3 63. Re1+ Kf2 64. Re7 f3 65. Rxf7 h5
66. Re7 Rg4+ 67. Kc5 h4 68. b6 Kg3 69. b7 Rg8 70. Rg7+ Rxg7 71. b8=Q+ Kg2 72.
Qb2+ 1-0

[Event "LIV Festival A"]
[Site "Imperia ITA"]
[Date "2012.09.05"]
[Round "4"]
[White "Formento, Paolo"]
[Black "Ottaviani, Gianluca"]
[WhiteElo "2147"]
[BlackElo "1956"]
[Result "1-0"]
[PlyCount "61"]
[EventDate "2012.09.02"]

1. e4 d6 2. d4 Nf6 3. Nc3 g6 4. f4 Bg7 5. Nf3 O-O 6. Bd3 Na6 7. O-O c5 8. d5
Nc7 9. Qe1 e6 10. dxe6 fxe6 11. Qh4 Nh5 12. Ng5 Bd4+ 13. Kh1 h6 14. Nf3 e5 15.
Qxd8 Rxd8 16. fxe5 Kg7 17. exd6 Rxd6 18. e5 Rd8 19. Nb5 Nxb5 20. Bxb5 Bg4 21.
c3 Bxf3 22. cxd4 Bg4 23. dxc5 Rd5 24. Be3 Rad8 25. Rae1 Kh7 26. Bg1 Ng7 27. Bc4
Rd2 28. e6 Rxb2 29. e7 Rc8 30. Rf8 Bd7 31. Bg8+ 1-0

[Event "LIV Festival A"]
[Site "Imperia ITA"]
[Date "2012.09.05"]
[Round "4"]
[White "Krouzel, Jaroslav"]
[Black "Faraci, Antonino"]
[WhiteElo "2172"]
[BlackElo "1997"]
[Result "1/2-1/2"]
[PlyCount "68"]
[EventDate "2012.09.02"]

1. d4 Nf6 2. c4 c5 3. d5 e6 4. Nc3 exd5 5. cxd5 d6 6. e4 g6 7. Bf4 a6 8. a4 b6
9. Nf3 Bg7 10. Be2 O-O 11. Nd2 Bb7 12. Nc4 Ne8 13. Qb3 b5 14. axb5 axb5 15.
Rxa8 Bxa8 16. Nxb5 f5 17. exf5 Bxd5 18. Qg3 Qd7 19. Ne3 Bc6 20. Nxd6 Nxd6 21.
Bxd6 Rd8 22. Nc4 Qxf5 23. O-O Nd7 24. Be7 Ra8 25. Nd6 Qe6 26. Bc4 Bd5 27. Qb3
Bxc4 28. Qxc4 Qxc4 29. Nxc4 Re8 30. Bg5 Rb8 31. Rb1 Rb3 32. Be3 Kf7 33. Kf1 Ke6
34. Re1 Kd5 1/2-1/2

[Event "LIV Festival A"]
[Site "Imperia ITA"]
[Date "2012.09.05"]
[Round "4"]
[White "Platino, Maurizio"]
[Black "Cavatorta, Fosco"]
[WhiteElo "1904"]
[BlackElo "1915"]
[Result "0-1"]
[PlyCount "56"]
[EventDate "2012.09.02"]

1. d4 d6 2. c4 e5 3. Nf3 e4 4. Ng5 f5 5. Nc3 c6 6. Nh3 Nf6 7. e3 Be7 8. Nf4 O-O
9. Be2 Na6 10. Qb3 Kh8 11. O-O Nc7 12. d5 Qe8 13. Qd1 Qf7 14. dxc6 bxc6 15. b3
Ba6 16. Bb2 Rad8 17. Qc2 Rd7 18. Rad1 Rfd8 19. Rd2 d5 20. cxd5 Bxe2 21. Ncxe2
Ncxd5 22. Nxd5 Nxd5 23. a3 Nxe3 24. Rxd7 Nxc2 25. Rxd8+ Bxd8 26. Rd1 Bb6 27.
Rd6 Qe7 28. Rxc6 Qd7 0-1

[Event "LIV Festival A"]
[Site "Imperia ITA"]
[Date "2012.09.05"]
[Round "4"]
[White "Schiappoli, Dario"]
[Black "Blasco, Domenico"]
[WhiteElo "1960"]
[BlackElo "1933"]
[Result "0-1"]
[PlyCount "118"]
[EventDate "2012.09.02"]

1. e4 g6 2. d4 Bg7 3. Nc3 d6 4. Bc4 e6 5. Nf3 Ne7 6. Bg5 h6 7. Bh4 Nd7 8. O-O
b6 9. Qd3 Bb7 10. Rfe1 O-O 11. Rad1 g5 12. Bg3 Ng6 13. Qe3 Qe7 14. Nb5 Rfc8 15.
Qa3 a6 16. Nxc7 Rxc7 17. Bxd6 Qd8 18. Bxc7 Qxc7 19. Qb3 g4 20. Bxe6 gxf3 21.
Bxf7+ Kh7 22. Qxf3 Ndf8 23. g3 Qe7 24. c3 Rd8 25. Bb3 Rd6 26. Qe3 Rd8 27. f4
Nd7 28. e5 Re8 29. Bc2 Qf7 30. Qd3 Ndf8 31. c4 Kh8 32. b4 Rd8 33. d5 b5 34. e6
Qf6 35. Bb3 bxc4 36. Bxc4 Qb2 37. Re2 Qxb4 38. d6 Qc5+ 39. Kf1 Qc6 40. Bd5 Qxd6
41. Bxb7 Qxd3 42. Rxd3 Rxd3 43. Bxa6 Rd1+ 44. Kg2 Ne7 45. g4 Nfg6 46. Kf3 Rf1+
47. Kg3 Rxf4 48. h4 Ra4 49. h5 Ne5 50. Bb5 Rxg4+ 51. Kh3 Rb4 52. a4 Nd5 53. Rc2
Nf4+ 54. Kh2 Nxe6 55. Rc8+ Kh7 56. Rb8 Nc7 57. Rb7 Nxb5 58. axb5 Ng4+ 59. Kg3
Nf6 0-1

[Event "LIV Festival A"]
[Site "Imperia ITA"]
[Date "2012.09.05"]
[Round "4"]
[White "Spinelli, Doriano"]
[Black "Dubois, Martine"]
[WhiteElo "2104"]
[BlackElo "2008"]
[Result "1-0"]
[PlyCount "105"]
[EventDate "2012.09.02"]

1. e4 Nf6 2. e5 Nd5 3. d4 d6 4. c4 Nb6 5. exd6 cxd6 6. Nc3 g6 7. Be3 Bg7 8. c5
dxc5 9. dxc5 Bxc3+ 10. bxc3 Nd5 11. Qd4 O-O 12. Rd1 e6 13. Bh6 f6 14. Bxf8 Nc6
15. Qd2 Qxf8 16. Bc4 Qxc5 17. Bxd5 exd5 18. Qxd5+ Qxd5 19. Rxd5 Be6 20. Rd2 Re8
21. Re2 Ne5 22. Nf3 Nd3+ 23. Kd2 Nf4 24. Re4 g5 25. Nd4 Rd8 26. Rhe1 Bxa2 27.
Re8+ Rxe8 28. Rxe8+ Kf7 29. Rd8 Ke7 30. Rh8 Bb1 31. Rb8 Be4 32. f3 Bd5 33. c4
Bxc4 34. Rxb7+ Kd6 35. Rxa7 Nxg2 36. Rxh7 Nf4 37. h4 Kc5 38. hxg5 fxg5 39. Nc2
Bd3 40. Rg7 Bxc2 41. Rxg5+ Kd4 42. Rg4 Ke5 43. Kxc2 Kf5 44. Kd2 Ng6 45. Ra4 Nf4
46. Ra5+ Kf6 47. Ke3 Ng2+ 48. Ke4 Nh4 49. f4 Kg6 50. Ra6+ Kf7 51. f5 Ke7 52.
Rh6 Ng2 53. Rh2 1-0

[Event "LIV Festival A"]
[Site "Imperia ITA"]
[Date "2012.09.05"]
[Round "4"]
[White "Tomassoni, Leonardo"]
[Black "Arigoni, Bruno"]
[WhiteElo "1891"]
[BlackElo "2071"]
[Result "1/2-1/2"]
[PlyCount "95"]
[EventDate "2012.09.02"]

1. e4 e5 2. Nf3 Nc6 3. Bc4 Nf6 4. Ng5 d5 5. exd5 Na5 6. Bb5+ c6 7. dxc6 bxc6 8.
Be2 h6 9. Nf3 e4 10. Ne5 Qc7 11. d4 Bd6 12. Bf4 O-O 13. O-O Nd5 14. Bg3 Ne7 15.
Qd2 Nf5 16. b4 Nxg3 17. hxg3 Bxe5 18. dxe5 Qxe5 19. Nc3 Nb7 20. Qe3 Re8 21.
Rad1 Nd6 22. Qd4 Nf5 23. Qxe5 Rxe5 24. Rd8+ Kh7 25. Bg4 g6 26. Re1 e3 27. fxe3
Kg7 28. e4 h5 29. Bh3 Bb7 30. Rd7 Rb8 31. Kf2 Nh6 32. a3 a5 33. Rc7 axb4 34.
axb4 Ng4+ 35. Kf3 Nh6 36. Ra1 g5 37. Bd7 Re7 38. Ra7 Ba8 39. Bxc6 Rxc7 40. Rxc7
Bxc6 41. Rxc6 Rxb4 42. Nd5 Rb1 43. Rc7 Ng4 44. Ne3 Ne5+ 45. Kf2 Rb2 46. Ke2 Ra2
47. Rc5 Kf6 48. Nd5+ 1/2-1/2

[Event "LIV Festival A"]
[Site "Imperia ITA"]
[Date "2012.09.05"]
[Round "5"]
[White "Angelini, Marco"]
[Black "Vokoun, Jan"]
[WhiteElo "2223"]
[BlackElo "2201"]
[Result "1/2-1/2"]
[PlyCount "64"]
[EventDate "2012.09.02"]

1. e4 g6 2. d4 Bg7 3. Nc3 c6 4. Nf3 d6 5. a4 Nd7 6. Bc4 e6 7. O-O d5 8. Bd3 Ne7
9. Be3 O-O 10. Qd2 dxe4 11. Bxe4 Re8 12. Bh6 Bh8 13. Rfd1 Nd5 14. Bg5 N5f6 15.
Bd3 Qc7 16. Bc4 Nb6 17. Bb3 Bd7 18. a5 Nbd5 19. Na4 b6 20. Ne5 Rf8 21. c4 b5
22. cxd5 bxa4 23. dxc6 Bxc6 24. Nxc6 axb3 25. Rac1 Qd7 26. Qb4 Nd5 27. Qxb3
Rfc8 28. Qa4 Rc7 29. Rc4 Rac8 30. Rdc1 Bxd4 31. Ne7+ Nxe7 32. Qxd7 Rxd7 1/2-1/2

[Event "LIV Festival A"]
[Site "Imperia ITA"]
[Date "2012.09.05"]
[Round "5"]
[White "Arigoni, Bruno"]
[Black "Bellincampi, Stefano"]
[WhiteElo "2071"]
[BlackElo "2045"]
[Result "1-0"]
[PlyCount "75"]
[EventDate "2012.09.02"]

1. Nf3 Nf6 2. d4 e6 3. e3 b6 4. Bd3 Bb7 5. Nbd2 c5 6. b3 Nc6 7. a3 Be7 8. Bb2
cxd4 9. exd4 d5 10. O-O Nd7 11. Re1 Bf6 12. Ne5 Bxe5 13. dxe5 Nc5 14. Bb5 a6
15. Bf1 Ne7 16. Rc1 O-O 17. b4 Na4 18. Ba1 Rc8 19. c4 Qd7 20. Qh5 Nf5 21. Red1
Rfd8 22. g4 Ne7 23. Ne4 dxe4 24. Rxd7 Rxd7 25. Re1 Ng6 26. Qg5 h6 27. Qc1 Nh4
28. Be2 Rcd8 29. Rd1 Rd3 30. Qc2 b5 31. c5 Bc6 32. Bxd3 Nf3+ 33. Kf1 Nxh2+ 34.
Ke2 exd3+ 35. Rxd3 Bd5 36. f3 Rd7 37. Kf2 Nxf3 38. Rxf3 1-0

[Event "LIV Festival A"]
[Site "Imperia ITA"]
[Date "2012.09.05"]
[Round "5"]
[White "Cavatorta, Fosco"]
[Black "Krouzel, Jaroslav"]
[WhiteElo "1915"]
[BlackElo "2172"]
[Result "1-0"]
[PlyCount "65"]
[EventDate "2012.09.02"]

1. d4 f5 2. Bf4 Nf6 3. e3 g6 4. h4 h6 5. Nf3 d6 6. Bc4 Bg7 7. Nc3 e6 8. Qe2 Ne4
9. Nxe4 fxe4 10. Nd2 d5 11. Bb3 Nd7 12. f3 exf3 13. Nxf3 c6 14. c3 Qe7 15. Bc2
Nf8 16. Ne5 Bxe5 17. Bxe5 Rg8 18. Qg4 b6 19. h5 g5 20. O-O Ba6 21. Rf6 O-O-O
22. Rxh6 Re8 23. a4 Nd7 24. a5 Nxe5 25. dxe5 Kb7 26. Rh7 Rg7 27. Rxg7 Qxg7 28.
Bg6 Re7 29. axb6 Qxe5 30. Qd4 Qxd4 31. cxd4 Rg7 32. bxa7 Rg8 33. Kh2 1-0

[Event "LIV Festival A"]
[Site "Imperia ITA"]
[Date "2012.09.05"]
[Round "5"]
[White "Faraci, Antonino"]
[Black "Ahner, Thomas"]
[WhiteElo "1997"]
[BlackElo "2162"]
[Result "1-0"]
[PlyCount "94"]
[EventDate "2012.09.02"]

1. Nf3 Nf6 2. g3 b5 3. Bg2 Bb7 4. O-O c5 5. d3 d5 6. Nbd2 e6 7. Re1 Be7 8. e4
O-O 9. e5 Nfd7 10. Qe2 Nc6 11. h4 Qc7 12. Nf1 Nd4 13. Nxd4 cxd4 14. Bf4 Rfc8
15. Rac1 b4 16. Nh2 Qa5 17. Qg4 Kf8 18. Qh5 h6 19. g4 Ke8 20. Nf3 Bf8 21. g5 g6
22. Qg4 h5 23. Qg3 Qxa2 24. Nxd4 a6 25. Bh3 Nc5 26. b3 Qa5 27. Be3 Bc6 28. Bg2
Qc7 29. f4 Nd7 30. c4 bxc3 31. Bf2 Bb5 32. f5 exf5 33. Bxd5 Rab8 34. e6 Nc5 35.
exf7+ Kd8 36. Qe3 Qd6 37. Bg3 Qd7 38. Bxb8 Rxb8 39. Nxb5 axb5 40. Qe8+ Kc7 41.
Qxd7+ Nxd7 42. Rxc3+ Kd6 43. Bg2 Ne5 44. d4 Nxf7 45. Rc6+ Kd7 46. Rxg6 Nd6 47.
Rg8 Re8 1-0

[Event "LIV Festival A"]
[Site "Imperia ITA"]
[Date "2012.09.05"]
[Round "5"]
[White "Finocchiaro, Gianluca"]
[Black "Barletta, Mauro"]
[WhiteElo "2111"]
[BlackElo "2239"]
[Result "0-1"]
[PlyCount "66"]
[EventDate "2012.09.02"]

1. e4 e6 2. b3 d5 3. Bb2 dxe4 4. Nc3 Nf6 5. g4 h6 6. Bg2 Bd7 7. Qe2 Bc6 8.
O-O-O Nbd7 9. Nxe4 Bxe4 10. Bxe4 Nxe4 11. Qxe4 c6 12. f4 Qa5 13. Kb1 O-O-O 14.
Nf3 Nf6 15. Qe2 Ba3 16. Bc3 Bb4 17. Bb2 Nd5 18. Bxg7 Rhg8 19. Be5 Rxg4 20. c4
Nxf4 21. Qe4 f5 22. Qe1 Nd3 23. Qe3 Re4 24. Qxh6 Nxe5 25. Qxe6+ Nd7 26. Qg6 Nf8
27. Qg3 Ne6 28. Qg2 Nf4 29. Qg3 Nd3 30. Ne1 Nf4 31. Nc2 Ne2 32. Qf3 Bxd2 33. b4
Qe5 0-1

[Event "LIV Festival A"]
[Site "Imperia ITA"]
[Date "2012.09.05"]
[Round "5"]
[White "Gioseffi, Massimiliano"]
[Black "Cugini, Verter"]
[WhiteElo "2128"]
[BlackElo "2072"]
[Result "1-0"]
[PlyCount "105"]
[EventDate "2012.09.02"]

1. d4 d6 2. Nf3 Nf6 3. c4 g6 4. Nc3 Bg7 5. e4 c5 6. d5 Bg4 7. Be2 O-O 8. O-O
Nbd7 9. h3 Bxf3 10. Bxf3 a6 11. a4 Ne8 12. Bg5 f6 13. Bc1 Ne5 14. Be2 Nf7 15.
f4 Bh6 16. Bg4 Nc7 17. Be6 b5 18. axb5 axb5 19. Rxa8 Qxa8 20. cxb5 Qa5 21. Bd7
Qb4 22. Qe2 Ra8 23. Be3 Rd8 24. Bc6 Na8 25. Ra1 Nb6 26. Ra6 Rb8 27. g3 Bg7 28.
Bf2 Bf8 29. Na2 Qb3 30. Ra3 Qc4 31. Qxc4 Nxc4 32. Ra8 Rxa8 33. Bxa8 Nd8 34. Nc3
f5 35. exf5 gxf5 36. Na4 Bg7 37. b6 Na5 38. Be1 Nab7 39. Bc3 Bxc3 40. bxc3 h5
41. Kf2 Kf7 42. Ke3 Na5 43. Kd3 Nab7 44. Bxb7 Nxb7 45. Kc4 e6 46. dxe6+ Kxe6
47. Kb5 Kd7 48. c4 Nd8 49. Nc3 Ne6 50. Nd5 Nd4+ 51. Ka6 Kc8 52. Ne7+ Kb8 53. b7
1-0

[Event "LIV Festival A"]
[Site "Imperia ITA"]
[Date "2012.09.05"]
[Round "5"]
[White "Luciani, Valerio"]
[Black "Formento, Paolo"]
[WhiteElo "2197"]
[BlackElo "2147"]
[Result "0-1"]
[PlyCount "82"]
[EventDate "2012.09.02"]

1. d4 Nf6 2. c4 g6 3. Nc3 d5 4. cxd5 Nxd5 5. e4 Nxc3 6. bxc3 Bg7 7. Bc4 O-O 8.
Ne2 Nc6 9. Be3 e5 10. Rc1 Na5 11. Bd3 c5 12. d5 b6 13. O-O f5 14. f3 f4 15. Bf2
g5 16. g4 h5 17. h3 Bd7 18. c4 hxg4 19. hxg4 Kf7 20. Nc3 Nb7 21. Be2 Nd6 22.
Kg2 Rh8 23. Rh1 Rxh1 24. Qxh1 Qf6 25. Kf1 Rh8 26. Qg2 Bf8 27. Ke1 Rh6 28. Kd2
Qh8 29. Rg1 Nb7 30. Qf1 Na5 31. Rg2 Bc8 32. Bg1 Ba6 33. Nb5 Bxb5 34. cxb5 Rh3
35. Bf2 c4 36. Rg1 Kf6 37. Kc2 Bb4 38. Be1 Bxe1 39. Qxe1 Qf8 40. Rh1 Qa3 41.
Kb1 c3 0-1

[Event "LIV Festival A"]
[Site "Imperia ITA"]
[Date "2012.09.05"]
[Round "5"]
[White "Mariano, Elia"]
[Black "Svoboda, Svatopluk"]
[WhiteElo "2159"]
[BlackElo "2344"]
[Result "1/2-1/2"]
[PlyCount "88"]
[EventDate "2012.09.02"]

1. d4 Nf6 2. c4 g6 3. Nc3 d5 4. Bf4 Bg7 5. e3 c5 6. dxc5 Qa5 7. Rc1 dxc4 8.
Qa4+ Qxa4 9. Nxa4 Bd7 10. Rxc4 Nd5 11. Bxb8 Rxb8 12. e4 b5 13. cxb6 Nxb6 14.
Nxb6 axb6 15. Rc2 O-O 16. Ne2 Rfc8 17. Rxc8+ Rxc8 18. Nc3 b5 19. Bd3 b4 20. Nd1
Be6 21. a3 bxa3 22. bxa3 Ra8 23. Ke2 Rxa3 24. Ne3 Ra2+ 25. Kf3 Bd4 26. Rd1 Ba7
27. Rc1 Ra3 28. Bc4 Bxc4 29. Rxc4 Kg7 30. Ke2 Bxe3 31. fxe3 Ra5 32. Kf3 h5 33.
Rb4 g5 34. h3 Kg6 35. Rb6+ e6 36. Rc6 Kf6 37. Rc4 Ke5 38. Rb4 f5 39. exf5 exf5
40. Rb8 g4+ 41. hxg4 hxg4+ 42. Kg3 Ra3 43. Re8+ Kf6 44. Kf4 Ra2 1/2-1/2

[Event "LIV Festival A"]
[Site "Imperia ITA"]
[Date "2012.09.05"]
[Round "5"]
[White "Pepino, Enrico"]
[Black "Spinelli, Doriano"]
[WhiteElo "2169"]
[BlackElo "2104"]
[Result "1/2-1/2"]
[PlyCount "44"]
[EventDate "2012.09.02"]

1. d4 d5 2. Nf3 Nf6 3. c4 e6 4. g3 Be7 5. Bg2 O-O 6. Qc2 c5 7. dxc5 Na6 8. O-O
Nxc5 9. cxd5 exd5 10. Nc3 Be6 11. Be3 Rc8 12. Rfd1 Ng4 13. Bd4 Ne4 14. Qa4 Rc4
15. Qb3 Rxd4 16. Nxd4 Nexf2 17. Nxd5 Bxd5 18. Bxd5 Nxd1 19. Rxd1 Bc5 20. e3 Qf6
21. Bf3 Nxe3 22. Qxe3 Rd8 1/2-1/2

[Event "LIV Festival A"]
[Site "Imperia ITA"]
[Date "2012.09.05"]
[Round "5"]
[White "Stoppa, Omar"]
[Black "Di Paolo, Raffaele"]
[WhiteElo "2279"]
[BlackElo "2243"]
[Result "1/2-1/2"]
[PlyCount "28"]
[EventDate "2012.09.02"]

1. e4 e5 2. Nf3 Nc6 3. Bb5 a6 4. Bxc6 dxc6 5. d4 exd4 6. Qxd4 Qxd4 7. Nxd4 c5
8. Ne2 Bd7 9. Nbc3 O-O-O 10. Be3 Bd6 11. O-O-O Ne7 12. f4 f6 13. Ng3 g6 14.
Rhe1 Rhe8 1/2-1/2

[Event "LIV Festival A"]
[Site "Imperia ITA"]
[Date "2012.09.05"]
[Round "5"]
[White "Sulava, Nenad"]
[Black "Sanchez, Joseph"]
[WhiteElo "2496"]
[BlackElo "2534"]
[Result "1/2-1/2"]
[PlyCount "21"]
[EventDate "2012.09.02"]

1. e4 e5 2. Nf3 Nc6 3. Bb5 a6 4. Ba4 Nf6 5. O-O b5 6. Bb3 Be7 7. Re1 d6 8. c3
O-O 9. h3 Re8 10. Ng5 Rf8 11. d3 1/2-1/2

[Event "LIV Festival A"]
[Site "Imperia ITA"]
[Date "2012.09.05"]
[Round "5"]
[White "Zach, Andreas"]
[Black "Panchanathan, Magesh Chandran"]
[WhiteElo "2352"]
[BlackElo "2568"]
[Result "0-1"]
[PlyCount "113"]
[EventDate "2012.09.02"]

1. d4 Nf6 2. Bf4 c5 3. e3 Qb6 4. Nc3 e6 5. a3 Nc6 6. Nf3 a6 7. h3 d5 8. Rb1 Be7
9. Bd3 Bd7 10. dxc5 Qxc5 11. O-O O-O 12. e4 d4 13. e5 dxc3 14. exf6 gxf6 15.
Bh6 Rfd8 16. Nd2 f5 17. Ne4 Qe5 18. Re1 fxe4 19. Rxe4 Qf6 20. Qh5 e5 21. Re3
Kh8 22. Bg5 Qg7 23. Rg3 f5 24. Bh6 Qf6 25. Bg7+ Qxg7 26. Rxg7 Kxg7 27. Bxf5
Bxf5 28. Qxf5 Rd6 29. bxc3 Rf8 30. Qg4+ Rg6 31. Qe2 b5 32. Qe3 Rgf6 33. f3 Rd8
34. c4 bxc4 35. Rb7 Rg6 36. Qe4 c3 37. h4 Rd1+ 38. Kh2 Rd2 39. Rxe7+ Nxe7 40.
Qxe5+ Kf7 41. Qf4+ Ke8 42. Qb8+ Kd7 43. Kh3 Rdxg2 44. Qb7+ Kd8 45. Qa8+ Nc8 46.
h5 R6g3+ 47. Kh4 Rg5 48. Qxa6 Ne7 49. Qa8+ Kd7 50. Qa4+ Kc7 51. Qf4+ Kd8 52.
Qd4+ Ke8 53. Qa4+ Kf7 54. Qf4+ Ke8 55. Qa4+ Kf8 56. Qb4 h6 57. f4 0-1

[Event "LIV Festival A"]
[Site "Imperia ITA"]
[Date "2012.09.06"]
[Round "6"]
[White "Barletta, Mauro"]
[Black "Zach, Andreas"]
[WhiteElo "2239"]
[BlackElo "2352"]
[Result "1/2-1/2"]
[PlyCount "109"]
[EventDate "2012.09.02"]

1. Nf3 d5 2. c4 c6 3. cxd5 cxd5 4. d4 Nf6 5. Nc3 Qb6 6. Na4 Qc7 7. Bd2 Nc6 8.
Rc1 Ne4 9. e3 e6 10. Bd3 Nxd2 11. Qxd2 Bd6 12. O-O Qa5 13. Qxa5 Nxa5 14. Bb5+
Ke7 15. Nc5 a6 16. Be2 b6 17. Nd3 f6 18. Nd2 Bd7 19. Rc2 Rhc8 20. Rfc1 Rxc2 21.
Rxc2 Nc6 22. f4 a5 23. Kf2 Be8 24. a3 h6 25. g3 Na7 26. Rc1 Rb8 27. h4 Rd8 28.
Nf3 Bb8 29. Nd2 Nb5 30. h5 Nd6 31. g4 Bb5 32. Ne1 Bd7 33. Nd3 Nb7 34. Nb3 Bd6
35. Nd2 a4 36. Rc3 Na5 37. Nb4 b5 38. Rc2 Nc4 39. Bd3 Ra8 40. Nb1 Rc8 41. Kf3
Kd8 42. Bxc4 bxc4 43. Na2 Bc6 44. Nbc3 Rb8 45. Nc1 Kd7 46. N1e2 Bc7 47. Kf2 Kd6
48. Rd2 Be8 49. e4 Bc6 50. exd5 exd5 51. f5 Ba5 52. Kf3 Re8 53. Rc2 Bd7 54. Kf2
Bc6 55. Kf3 1/2-1/2

[Event "LIV Festival A"]
[Site "Imperia ITA"]
[Date "2012.09.06"]
[Round "6"]
[White "Di Paolo, Raffaele"]
[Black "Ljubisavljevic, Zivojin Z."]
[WhiteElo "2243"]
[BlackElo "2240"]
[Result "1-0"]
[PlyCount "62"]
[EventDate "2012.09.02"]

1. e4 g6 2. d4 Bg7 3. Nc3 d6 4. Nf3 Nc6 5. h3 e5 6. dxe5 Nxe5 7. Nxe5 Bxe5 8.
Be2 Bg7 9. O-O Ne7 10. Be3 O-O 11. Bd4 Bxd4 12. Qxd4 Nc6 13. Qd2 Be6 14. f4 f5
15. exf5 Bxf5 16. Bc4+ Kg7 17. g4 Bd7 18. Nd5 h6 19. Rae1 Qh4 20. Qc3+ Kh7 21.
Re3 Rf7 22. Nxc7 Raf8 23. Bxf7 Rxf7 24. Nd5 Nd8 25. g5 hxg5 26. Nf6+ Kh6 27.
Nxd7 gxf4 28. Qh8+ Rh7 29. Qf8+ Rg7 30. Rxf4 Qg5+ 31. Kh2 Nf7 1-0

[Event "LIV Festival A"]
[Site "Imperia ITA"]
[Date "2012.09.06"]
[Round "6"]
[White "Dragojlovic, Andjelko"]
[Black "Angelini, Marco"]
[WhiteElo "2359"]
[BlackElo "2223"]
[Result "0-1"]
[PlyCount "70"]
[EventDate "2012.09.02"]

1. e4 c5 2. g3 g6 3. Bg2 Bg7 4. Ne2 Nc6 5. O-O e6 6. d3 Nge7 7. c3 O-O 8. Be3
d6 9. h3 Rb8 10. d4 b6 11. Na3 Ba6 12. Re1 Qc7 13. Rc1 Rfd8 14. Nf4 Qd7 15. h4
cxd4 16. cxd4 e5 17. dxe5 dxe5 18. Nd5 Nxd5 19. exd5 Nb4 20. Bg5 f6 21. Be3 Nd3
22. h5 Nxc1 23. Qxc1 Rbc8 24. Qd2 Bf8 25. Nb1 Bc4 26. Nc3 Bb4 27. Rd1 Bxa2 28.
hxg6 hxg6 29. Qd3 Bxc3 30. bxc3 Kg7 31. Be4 Bc4 32. Qc2 Qf7 33. d6 Bb3 34. Qd2
Bxd1 35. Qxd1 Rxc3 0-1

[Event "LIV Festival A"]
[Site "Imperia ITA"]
[Date "2012.09.06"]
[Round "6"]
[White "Faraci, Antonino"]
[Black "Pepino, Enrico"]
[WhiteElo "1997"]
[BlackElo "2169"]
[Result "1-0"]
[PlyCount "73"]
[EventDate "2012.09.02"]

1. Nf3 g6 2. g3 Bg7 3. Bg2 c5 4. d3 Nc6 5. O-O d6 6. c3 e6 7. e4 Nge7 8. Be3
O-O 9. Na3 b6 10. Qd2 d5 11. exd5 Nxd5 12. Bh6 Ba6 13. Bxg7 Kxg7 14. Rfe1 Qf6
15. Nc2 Rad8 16. Ne3 Nxe3 17. Rxe3 Rd6 18. Rd1 Rfd8 19. Qc2 e5 20. Ne1 Bb7 21.
Qe2 c4 22. Rc1 cxd3 23. Rxd3 Rxd3 24. Nxd3 Ba6 25. c4 Nd4 26. Qe3 e4 27. Qxe4
Bb7 28. Qe3 Nf3+ 29. Bxf3 Bxf3 30. b4 Bb7 31. Nf4 Qb2 32. Re1 Qxb4 33. Nh5+ Kg8
34. Qe5 Qxe1+ 35. Qxe1 Bf3 36. Nf6+ Kg7 37. Nd5 1-0

[Event "LIV Festival A"]
[Site "Imperia ITA"]
[Date "2012.09.06"]
[Round "6"]
[White "Formento, Paolo"]
[Black "Mariano, Elia"]
[WhiteElo "2147"]
[BlackElo "2159"]
[Result "1/2-1/2"]
[PlyCount "108"]
[EventDate "2012.09.02"]

1. d4 Nf6 2. Nf3 c5 3. e3 d5 4. b3 Nc6 5. Bb2 Bg4 6. Nbd2 cxd4 7. exd4 e6 8.
Be2 Bd6 9. Ne5 Bxe2 10. Qxe2 Rc8 11. O-O O-O 12. f4 Re8 13. c3 Nd7 14. Qh5 g6
15. Qg4 f5 16. Qe2 Nf6 17. Rf2 a6 18. h3 b5 19. b4 Qb6 20. a4 Bf8 21. Nxc6 Rxc6
22. axb5 axb5 23. Ra5 Rb8 24. Rf1 Ne4 25. Nxe4 fxe4 26. Rfa1 Qc7 27. Qg4 Rcb6
28. Ra7 R8b7 29. Ra8 Qc6 30. h4 Rb8 31. Rxb8 Rxb8 32. h5 Kf7 33. hxg6+ hxg6 34.
Ra7+ Rb7 35. Ra8 Rd7 36. Rb8 Rb7 37. Ra8 Rd7 38. Ra3 Rd8 39. Ra7+ Rd7 40. Ra1
Qb6 41. Qh4 Ra7 42. Qh7+ Bg7 43. Rf1 Ra2 44. Bc1 Qc7 45. f5 exf5 46. Qh2 Qc8
47. Qd6 Qc4 48. Qd7+ Kg8 49. Qe8+ Kh7 50. Rf4 Bxd4+ 51. Kh1 Kg7 52. Qe7+ Kg8
53. Qe8+ Kg7 54. Qe7+ Kg8 1/2-1/2